پریم چند کہانی کا رہنما / (Record no. 108639)

MARC details
000 -LEADER
fixed length control field 00803nam a22002537a 4500
005 - DATE AND TIME OF LATEST TRANSACTION
control field 20200128124906.0
010 ## - LCCN (DPL NO)
LC control number A-798199
020 ## - INTERNATIONAL STANDARD BOOK NUMBER
Terms of availability 300.00
035 ## - SYSTEM CONTROL NUMBER
System control number A-798199
037 ## - SOURCE OF ACQUISITION
Source of stock number/acquisition Cen Lib/Ret
082 ## - DEWEY DECIMAL CLASSIFICATION NUMBER
Classification number 843.08
100 ## - MAIN ENTRY--PERSONAL NAME
Personal name جعفر رضا
245 ## - TITLE STATEMENT
Title پریم چند کہانی کا رہنما /
Statement of responsibility, etc جعفر رضا
246 ## - VARYING FORM OF TITLE
Title proper/short title Prem Chand Kahani ka Rahnuma (Urdu) /
Remainder of title by Jafar Raza
260 ## - PUBLICATION, DISTRIBUTION, ETC. (IMPRINT)
Place of publication, distribution, etc الہآباد
Name of publisher, distributor, etc ڈاکٹر جعفر رضا
Date of publication, distribution, etc 1996 ء
270 ## - ADDRESS
Address ١٤.بی، نبنک روڈ
City الہآباد
Postal code 211002
300 ## - PHYSICAL DESCRIPTION
Extent 335p.
Dimensions 21cm(Hb)
500 ## - GENERAL NOTE
General note اشاریہ
650 ## - SUBJECT ADDED ENTRY--TOPICAL TERM
Topical term or geographic name as entry element ادب -- ہندی
650 ## - SUBJECT ADDED ENTRY--TOPICAL TERM
Topical term or geographic name as entry element ادبی تنقید
650 ## - SUBJECT ADDED ENTRY--TOPICAL TERM
Topical term or geographic name as entry element Literature -- Hindi
650 ## - SUBJECT ADDED ENTRY--TOPICAL TERM
Topical term or geographic name as entry element literary criticism
942 ## - ADDED ENTRY ELEMENTS (KOHA)
Source of classification or shelving scheme Dewey Decimal Classification
Item type Urdu Bks
Classification part 843.08
Call number suffix پ ر ے
Holdings
Withdrawn status Lost status Not for loan Home library Current library Date acquired Source of acquisition Cost, normal purchase price Full call number Barcode Copy number Cost, replacement price Koha item type
      Central Library Central Library 01/02/2016 Cen Lib/Ret 300.00 843.08 پ ر ے A-798199 1 300.00 Urdu Bks
      Central Library Central Library 12/10/2016   300.00 843.08 پ ر ے A-798200 2 300.00 Urdu Bks

© Delhi Public Library
Hit Counter
free hit counter